| 000 | 00553nam a2200193 a 4500 | ||
|---|---|---|---|
| 005 | 20140310183522.0 | ||
| 008 | 110802s19uu xx 00 eng d | ||
| 020 | _a9781601630797 | ||
| 050 |
_aHD 62.7 _b.C4518 2009 |
||
| 100 | _aChandler, Stephanie | ||
| 245 |
_aLeap : _b101 ways to grow your business / _cStephanie Chandler |
||
| 260 |
_aNew Jersey : _bCarrer Press, _c2009. |
||
| 300 |
_a255 p. : _c22 cm. |
||
| 521 | _aBSBA | ||
| 650 | _aSmall busines-Management. | ||
| 650 | _aSuccess in business. | ||
| 942 |
_cBK _2lcc _kFOR |
||
| 999 |
_c24424 _d24424 |
||